Desarrollo de una estrategia PID para el control automático de nivel utilizando el PLC SLC5/05

Gorde:
Xehetasun bibliografikoak
Egile nagusia: Mc Parlane Gómez, Juan Carlos , 1975-
Beste egile batzuk: Loría Martínez, Luis Guillermo, 1954- Director del TFG
Formatua: Liburua
Argitaratua: San José, Costa Rica 2000
Gaiak:
Etiketak: Etiketa erantsi
Etiketarik gabe, Izan zaitez lehena erregistro honi etiketa jartzen!

MARC

LEADER 00000nam a2200000Ia 4500
003 008459
005 20231207114447.0
008 140114s2000 cr a m 000 ||s d
040 |c cru CEDI 
100 |a Mc Parlane Gómez, Juan Carlos , 1975-  |9 2012 
245 |a Desarrollo de una estrategia PID para el control automático de nivel utilizando el PLC SLC5/05 
260 |a San José, Costa Rica  |c 2000 
300 |a xi, 59 hojas  
500 |a  Proyecto de graduación (bachillerato en ingeniería eléctrica)--Universidad de Costa Rica. Facultad de Ingeniería. Escuela de Ingeniería Eléctrica 
501 |a Director de Proyecto de Graduación: Dr. Luis Guillermo Loría Martínez 
650 |x CONTROL AUTOMATICO   |x CONTROL HIDRAULICO   |x CONTROL DE PROCESOS   |x AUTOMATIZACION  |9 8365 
700 |a  Loría Martínez, Luis Guillermo, 1954-  |d Director del TFG   |9 2013 
942 |c TFG  |h TFG 4108  |i 008459  |6 TFG_4108_008459000000000 
999 |c 18359  |d 18359